Guess the Random Places - Statistics

General Stats
  • This quiz has been taken 67 times
  • The average score is 4 of 5
Answer Stats
Stars With Place Ends With Letters Type % Correct
T Tokyo O 5 Asian Capital
100%
A Atlantic C 8 Ocean
96%
A Antarctica A 10 Continent
95%
D Djibouti I 8 African Country
94%
E Eiffel L 6 European Tower
94%
C Canada A 6 North American Country
90%
Q Quebec C 6 North American City
90%
P Peru U 4 South American Country
89%
B Bern N 4 European City
85%
M Michigan N 8 U.S. State
85%
W Washington N 9 U.S. State
76%
R Russia A 6 European Country
73%
C Caribbean N 9 Sea
72%
M Madagascar R 10 African Country
65%
C Christchurch H 12 Oceanic City
47%
No matching quizzes found
Score Distribution
Percent of People with Each Score
Percentile by Number Answered
Your Score History
You have not taken this quiz